Самые большие города, заканчивающиеся на -поль - Statistics

General Stats
  • This quiz has been taken 171 times
  • The average score is 4 of 10
Answer Stats
Население Город % Correct
509 992 Севастополь
66%
336 212 Симферополь
55%
454 488 Ставрополь
50%
431 859 Мариуполь
44%
956 183 Неаполь
30%
153 112 Мелитополь
28%
129 000 Тирасполь
28%
223 938 Тернополь
21%
107 464 Никополь
19%
63 644 Борисполь
12%
No matching quizzes found
Score Distribution
Percent of People with Each Score
Percentile by Number Answered
Your Score History
You have not taken this quiz